[Event "ISR-ch op"]
[Site "Acre"]
[Date "2024.01.28"]
[Round "8"]
[White "Kochavi, Ori"]
[Black "Alekseev, Evgeny V"]
[Result "0-1"]
[WhiteElo "2428"]
[BlackElo "2563"]
[PlyCount "106"]
[EventDate "2024.01.21"]
[EventType "swiss"]
[EventRounds "9"]
[EventCountry "ISR"]
[SourceTitle "CB05_2024"]
[SourceDate "2024.01.31"]
[SourceVersion "1"]
[SourceVersionDate "2024.01.31"]
[SourceQuality "1"]

1. e4 c5 2. Nf3 d6 3. d4 cxd4 4. Nxd4 Nf6 5. Nc3 a6 6. Nf3 Nc6 7. a4 e6 8. Bd3 Be7 9. 0-0 0-0 10. h3 b6 11. Qe2 Bb7 12. Bf4 Nd7 13. Rfd1 Qc7 14. Qe1 Rfd8 15. Bf1 Nde5 16. Nd2 Na5 17. Be3 Bf6 18. f4 Nd7 19. Ra3 Nc6 20. Qf2 Rac8 21. Raa1 Nc5 22. Rab1 Nb4 23. Nc4 Be7 24. Bd4 Rb8 25. e5 d5 26. Nd6 Nc6 27. b4 Nxd4 28. Qxd4 Nd7 29. Nxb7 Qxb7 30. Bd3 a5 31. Nb5 Bxb4 32. Kh1 g6 33. Qf2 Be7 34. Rf1 Nc5 35. f5 exf5 36. Bxf5 gxf5 37. Qxf5 Rf8 38. Nd6 Qd7 39. Qh5 Qe6 40. Nf5 Kh8 41. c4 dxc4 42. Rf3 Qg6 43. Qxg6 fxg6 44. Nxe7 Rxf3 45. gxf3 Nxa4 46. Rd1 c3 47. Nc6 Rc8 48. e6 Rxc6 49. e7 Re6 50. Rd8+ Kg7 51. e8Q Rxe8 52. Rxe8 b5 53. Kg2 b4 0-1

[Event "ISR-ch op"]
[Site "Acre"]
[Date "2024.01.26"]
[Round "6"]
[White "Kochavi, Ori"]
[Black "Tzidkiya, Yeshaayahu"]
[Result "0-1"]
[WhiteElo "2428"]
[BlackElo "2448"]
[PlyCount "83"]
[EventDate "2024.01.21"]
[EventType "swiss"]
[EventRounds "9"]
[EventCountry "ISR"]
[SourceTitle "CB05_2024"]
[SourceDate "2024.01.31"]
[SourceVersion "1"]
[SourceVersionDate "2024.01.31"]
[SourceQuality "1"]

1. e4 c5 2. Nf3 d6 3. Bc4 Nc6 4. c3 Nf6 5. d3 g6 6. 0-0 Bg7 7. h3 0-0 8. a4 a6 9. Re1 e5 10. Na3 h6 11. Nc2 d5 12. exd5 Nxd5 13. Ne3 Be6 14. Ng4 Kh7 15. Ngxe5 Nxe5 16. Nxe5 b5 17. axb5 axb5 18. Rxa8 Qxa8 19. Bb3 Re8 20. Qf3 Qa1 21. d4 cxd4 22. cxd4 Nf6 23. Bxe6 Rxe6 24. Rd1 Qa7 25. Be3 Rd6 26. Rc1 Ra6 27. Nc6 Qa8 28. b4 Ra1 29. Rxa1 Qxa1+ 30. Kh2 Qc3 31. Ne5 Qxb4 32. Qb7 Qb3 33. Nxf7 Qd5 34. Qa7 Nd7 35. Nd8 b4 36. Qc7 b3 37. Qc3 Nc5 38. Qb4 Qxd8 39. dxc5 b2 40. c6 Qc7+ 41. g3 Qxc6 42. Bxh6 0-1

[Event "ISR-ch op"]
[Site "Acre"]
[Date "2024.01.24"]
[Round "4"]
[White "Kochavi, Ori"]
[Black "Levin, Guy"]
[Result "1/2-1/2"]
[WhiteElo "2428"]
[BlackElo "2435"]
[PlyCount "30"]
[EventDate "2024.01.21"]
[EventType "swiss"]
[EventRounds "9"]
[EventCountry "ISR"]
[SourceTitle "CB05_2024"]
[SourceDate "2024.01.31"]
[SourceVersion "1"]
[SourceVersionDate "2024.01.31"]
[SourceQuality "1"]

1. Nf3 d5 2. c4 d4 3. e3 Nc6 4. b4 dxe3 5. fxe3 Nxb4 6. Qa4+ Nc6 7. Bb2 e6 8. Be2 Bd7 9. Qb3 Nf6 10. 0-0 Be7 11. Nc3 0-0 12. Rad1 a5 13. Qc2 a4 14. d4 Ra5 15. a3 Ng4 1/2-1/2

[Event "ISR-ch op"]
[Site "Acre"]
[Date "2024.01.23"]
[Round "3"]
[White "Gluhovsky, Mark"]
[Black "Kochavi, Ori"]
[Result "0-1"]
[WhiteElo "2235"]
[BlackElo "2428"]
[PlyCount "70"]
[EventDate "2024.01.21"]
[EventType "swiss"]
[EventRounds "9"]
[EventCountry "ISR"]
[SourceTitle "CB05_2024"]
[SourceDate "2024.01.31"]
[SourceVersion "1"]
[SourceVersionDate "2024.01.31"]
[SourceQuality "1"]

1. e4 c6 2. d4 d5 3. e5 Bf5 4. g4 Bd7 5. Nc3 h5 6. gxh5 Nh6 7. Nge2 c5 8. Rg1 Nc6 9. dxc5 e6 10. Bf4 Nf5 11. Ng3 Nfd4 12. h6 g6 13. a3 Bxc5 14. b4 Qh4 15. Be3 Nxe5 16. Be2 Nxe2 17. Qxe2 Bd4 18. Bd2 Rc8 19. 0-0-0 Rxc3 20. Bxc3 Bxc3 21. Qe3 Bb2+ 22. Kb1 Nc4 23. Qxa7 0-0 24. Qxb7 Bxa3 25. Qa7 Bxb4 26. Rd4 Qe7 27. Ne4 Na3+ 28. Kb2 Nb5 29. Qxd7 Nxd4 30. c3 dxe4 31. Qxd4 Ba3+ 32. Kc2 e5 33. Qxe4 Rb8 34. Qd5 Rb2+ 35. Kd3 e4+ 0-1

[Event "Ramat Gan Shavuot op"]
[Site "Ramat Gan"]
[Date "2023.05.25"]
[Round "6"]
[White "Andreev, Dmitri"]
[Black "Kochavi, Ori"]
[Result "0-1"]
[WhiteElo "2166"]
[BlackElo "2423"]
[PlyCount "72"]
[EventDate "2023.05.25"]
[EventType "swiss (rapid)"]
[EventRounds "6"]
[EventCountry "ISR"]
[SourceTitle "CBM 214 Extra"]
[Source "ChessBase"]
[SourceDate "2023.07.31"]
[SourceVersion "1"]
[SourceVersionDate "2023.07.31"]
[SourceQuality "1"]

1. d4 Nf6 2. c4 e6 3. g3 c5 4. d5 exd5 5. cxd5 d6 6. Nc3 g6 7. Bg2 Bg7 8. Nf3 0-0 9. 0-0 Re8 10. Nd2 a6 11. a4 Nbd7 12. Nc4 Ne5 13. Na3 Rb8 14. h3 Nh5 15. e4 b5 16. axb5 axb5 17. Naxb5 Qb6 18. g4 Nf6 19. f4 Ned7 20. Nxd6 Qxd6 21. e5 Qb6 22. exf6 Bxf6 23. Kh1 Bd4 24. f5 Ba6 25. fxg6 hxg6 26. Re1 Nf6 27. Bf4 Rxe1+ 28. Qxe1 Re8 29. Qd2 Bb7 30. Rf1 Qb3 31. d6 Bxg2+ 32. Kxg2 Bxc3 33. Qxc3 Re2+ 34. Kf3 Qb5 35. Be5 Nd5 36. Qa3 Rxe5 0-1

[Event "Ramat Gan Shavuot op"]
[Site "Ramat Gan"]
[Date "2023.05.25"]
[Round "5"]
[White "Kochavi, Ori"]
[Black "Dezent, Eyal"]
[Result "1/2-1/2"]
[WhiteElo "2423"]
[BlackElo "1979"]
[PlyCount "113"]
[EventDate "2023.05.25"]
[EventType "swiss (rapid)"]
[EventRounds "6"]
[EventCountry "ISR"]
[SourceTitle "CBM 214 Extra"]
[Source "ChessBase"]
[SourceDate "2023.07.31"]
[SourceVersion "1"]
[SourceVersionDate "2023.07.31"]
[SourceQuality "1"]

1. e4 c6 2. Nf3 d5 3. e5 Bf5 4. Be2 e6 5. 0-0 Ne7 6. d4 c5 7. dxc5 Nec6 8. c4 d4 9. Qa4 Bxc5 10. a3 0-0 11. Bg5 Qc7 12. b4 Be7 13. Bxe7 Qxe7 14. Rd1 Nd7 15. Nxd4 Nxd4 16. Rxd4 Nxe5 17. Nc3 Rfd8 18. Rxd8+ Qxd8 19. Rd1 Qf6 20. Nb5 h5 21. Nc7 Rc8 22. Qxa7 Be4 23. f3 Nxf3+ 24. Bxf3 Bxf3 25. gxf3 Qxf3 26. Rd7 Qc6 27. Qd4 Rxc7 28. Rd8+ Kh7 29. Qd3+ f5 30. Qh3 g6 31. Qc3 Rg7 32. c5 Qe4 33. Qd4 Qxd4+ 34. Rxd4 e5 35. Rc4 e4 36. b5 e3 37. c6 bxc6 38. Rxc6 Ra7 39. Rc3 f4 40. b6 Ra8 41. h4 g5 42. hxg5 Kg6 43. Kg2 Kxg5 44. Kf3 Re8 45. Rc5+ Kf6 46. Rc6+ Kf5 47. Rc5+ Kf6 48. Rc2 Rb8 49. Rb2 Ke5 50. a4 Kd6 51. a5 Kc6 52. Kxf4 Re8 53. Re2 Kb5 54. Rxe3 Rf8+ 55. Ke5 Kxa5 56. Rb3 Rb8 57. Kf4 1/2-1/2

[Event "ISR-chT"]
[Site "Israel"]
[Date "2023.05.12"]
[Round "11.5"]
[White "Erenberg, Ariel"]
[Black "Kochavi, Ori"]
[Result "0-1"]
[WhiteElo "2504"]
[BlackElo "2396"]
[PlyCount "46"]
[EventDate "2023.01.11"]
[EventType "team-tourn"]
[EventRounds "11"]
[EventCountry "ISR"]
[SourceTitle "EXT 2024"]
[Source "ChessBase"]
[SourceDate "2023.10.10"]
[SourceVersion "1"]
[SourceVersionDate "2023.10.10"]
[SourceQuality "1"]
[WhiteTeam "Kfar Saba"]
[BlackTeam "Ramat Gan Etude"]
[WhiteTeamCountry "ISR"]
[BlackTeamCountry "ISR"]

1. Nf3 Nf6 2. c4 e6 3. g3 d5 4. Bg2 Be7 5. 0-0 0-0 6. d4 a5 7. Qc2 c6 8. Rd1 b6 9. Ne5 Bb7 10. Nc3 Nfd7 11. Nxd7 Nxd7 12. cxd5 cxd5 13. Bf4 Rc8 14. Qb3 Ba6 15. Rdc1 Rc4 16. Qd1 g5 17. Be3 Nb8 18. a3 f5 19. f3 Bd6 20. Bf2 Qf6 21. Qb3 Nd7 22. Nb5 a4 23. Rxc4 axb3 0-1

[Event "EU-ch 23rd"]
[Site "Vrnjacka Banja"]
[Date "2023.03.08"]
[Round "6"]
[White "Ivic, Velimir"]
[Black "Kochavi, Ori"]
[Result "1/2-1/2"]
[WhiteElo "2606"]
[BlackElo "2417"]
[PlyCount "75"]
[EventDate "2023.03.03"]
[EventType "swiss"]
[EventRounds "11"]
[EventCountry "SRB"]
[SourceTitle "CBM 213"]
[Source "ChessBase"]
[SourceDate "2023.04.30"]
[SourceVersion "1"]
[SourceVersionDate "2023.04.30"]
[SourceQuality "1"]

1. e4 c6 2. Nc3 d5 3. Nf3 Bg4 4. d4 e6 5. Be2 Nf6 6. e5 Nfd7 7. 0-0 a6 8. Ng5 Bxe2 9. Qxe2 Be7 10. Qh5 g6 11. Qh6 Bf8 12. Qh3 Bg7 13. f4 Qe7 14. Ne2 h6 15. Nf3 c5 16. c3 Nc6 17. Be3 cxd4 18. Nexd4 Nc5 19. Rad1 Ne4 20. Nd2 Nxd4 21. Bxd4 Nxd2 22. Rxd2 Qc7 23. Qe3 Rc8 24. a4 h5 25. g3 Qc4 26. a5 Bf8 27. b4 Rc6 28. h3 Be7 29. Rb1 Qb5 30. Rbd1 Kd7 31. Qf3 Qc4 32. Kg2 Rcc8 33. Rd3 Qb3 34. Bf2 Rc7 35. Bb6 Rc6 36. Bd4 Rcc8 37. Bb6 Rc6 38. Bd4 1/2-1/2

[Event "EU-ch 23rd"]
[Site "Vrnjacka Banja"]
[Date "2023.03.03"]
[Round "1"]
[White "Kochavi, Ori"]
[Black "Cuzovic, Ognjen"]
[Result "1-0"]
[WhiteElo "2417"]
[BlackElo "2009"]
[PlyCount "49"]
[EventDate "2023.03.03"]
[EventType "swiss"]
[EventRounds "11"]
[EventCountry "SRB"]
[SourceTitle "CBM 213"]
[Source "ChessBase"]
[SourceDate "2023.04.30"]
[SourceVersion "1"]
[SourceVersionDate "2023.04.30"]
[SourceQuality "1"]

1. Nf3 d5 2. e3 Nf6 3. c4 e6 4. b3 Be7 5. Bb2 0-0 6. Be2 Nbd7 7. Rg1 Ne4 8. Qc2 Bf6 9. g4 b6 10. d3 Bxb2 11. Qxb2 Nd6 12. h4 Bb7 13. h5 f6 14. cxd5 exd5 15. Nbd2 Qe7 16. Nh4 c5 17. Nf5 Nxf5 18. gxf5 h6 19. Nf3 d4 20. e4 Rfe8 21. Nh4 Ne5 22. Qd2 Kf8 23. f4 Nxd3+ 24. Bxd3 Kg8 25. Ng6 1-0

[Event "Budapest Vezerkepzo Carnival GM"]
[Site "Budapest"]
[Date "2023.02.22"]
[Round "7"]
[White "Kochavi, Ori"]
[Black "Csiki, Endre"]
[Result "1/2-1/2"]
[WhiteElo "2375"]
[BlackElo "2335"]
[PlyCount "28"]
[EventDate "2023.02.16"]
[EventType "tourn"]
[EventRounds "9"]
[EventCountry "HUN"]
[EventCategory "6"]
[SourceTitle "CBM 212 Extra"]
[Source "ChessBase"]
[SourceDate "2023.03.31"]
[SourceVersion "1"]
[SourceVersionDate "2023.03.31"]
[SourceQuality "1"]

1. e4 c5 2. Nf3 d6 3. d4 cxd4 4. Nxd4 Nf6 5. Nc3 a6 6. Be2 e5 7. Nf3 Be7 8. Bg5 Be6 9. Bxf6 Bxf6 10. Nd5 Nd7 11. 0-0 0-0 12. c3 Be7 13. Ne1 Bxd5 14. Qxd5 Qb6 1/2-1/2

[Event "ISR-chT"]
[Site "Israel"]
[Date "2023.02.03"]
[Round "5.5"]
[White "Kochavi, Ori"]
[Black "Maryasin, Boris Feliksovich"]
[Result "1-0"]
[WhiteElo "2396"]
[BlackElo "2277"]
[PlyCount "119"]
[EventDate "2023.01.11"]
[EventType "team-tourn"]
[EventRounds "11"]
[EventCountry "ISR"]
[SourceTitle "EXT 2024"]
[Source "ChessBase"]
[SourceDate "2023.10.10"]
[SourceVersion "1"]
[SourceVersionDate "2023.10.10"]
[SourceQuality "1"]
[WhiteTeam "Ramat Gan Etude"]
[BlackTeam "Ashdod II"]
[WhiteTeamCountry "ISR"]
[BlackTeamCountry "ISR"]

1. e4 c5 2. Nf3 e6 3. d4 cxd4 4. Nxd4 Nc6 5. Nc3 Qc7 6. Be3 a6 7. Qf3 Nf6 8. 0-0-0 Bb4 9. Nxc6 dxc6 10. Bd4 Bd6 11. Bxf6 Bf4+ 12. Kb1 gxf6 13. g3 Be5 14. Qe3 Qa5 15. Ne2 Bd7 16. f4 Bc7 17. Qd4 0-0-0 18. Qxf6 Rhf8 19. Nc1 Qh5 20. Bd3 c5 21. Be2 Qg6 22. Qe7 Bc6 23. Qxc5 Qxe4 24. Rhf1 Rfe8 25. Rxd8+ Rxd8 26. Bf3 Qa4 27. Bxc6 bxc6 28. Nd3 Qb5 29. Qxb5 axb5 30. f5 e5 31. Re1 Rd4 32. Kc1 f6 33. Nc5 Bd8 34. Ne4 Be7 35. g4 Rd8 36. h4 h6 37. Rd1 Rg8 38. Rg1 Kd7 39. Kd2 Ke8 40. Ke2 Kf7 41. Kf3 Rd8 42. Rh1 Kg7 43. Ra1 Rd4 44. Ke3 b4 45. Rf1 Rd8 46. g5 hxg5 47. hxg5 Rh8 48. gxf6+ Bxf6 49. Rg1+ Kf7 50. Rg6 Rh3+ 51. Ke2 Be7 52. Rxc6 Rh4 53. Kd3 Rf4 54. f6 Bxf6 55. Rxf6+ Rxf6 56. Nxf6 Kxf6 57. Ke4 Ke6 58. a4 bxa3 59. bxa3 Kd6 60. a4 1-0

[Event "ISR-ch 41st"]
[Site "Arad"]
[Date "2022.12.12"]
[Round "8"]
[White "Levin, Guy"]
[Black "Kochavi, Ori"]
[Result "1/2-1/2"]
[WhiteElo "2382"]
[BlackElo "2334"]
[PlyCount "24"]
[EventDate "2022.12.05"]
[EventType "swiss"]
[EventRounds "9"]
[EventCountry "ISR"]
[SourceTitle "CBM 211 Extra"]
[Source "ChessBase"]
[SourceDate "2023.01.31"]
[SourceVersion "1"]
[SourceVersionDate "2023.01.31"]
[SourceQuality "1"]

1. d4 Nf6 2. c4 e6 3. Nc3 d5 4. Nf3 dxc4 5. e4 b5 6. e5 Nd5 7. Nxb5 Nb6 8. Be2 Nc6 9. 0-0 Bb7 10. Qd2 Be7 11. Qf4 Qd7 12. Be3 g5 1/2-1/2

[Event "ISR-ch 41st"]
[Site "Arad"]
[Date "2022.12.07"]
[Round "3"]
[White "Kupervaser, Erez"]
[Black "Kochavi, Ori"]
[Result "0-1"]
[WhiteElo "2331"]
[BlackElo "2334"]
[PlyCount "74"]
[EventDate "2022.12.05"]
[EventType "swiss"]
[EventRounds "9"]
[EventCountry "ISR"]
[SourceTitle "CBM 211 Extra"]
[Source "ChessBase"]
[SourceDate "2023.01.31"]
[SourceVersion "1"]
[SourceVersionDate "2023.01.31"]
[SourceQuality "1"]

1. e4 c6 2. d4 d5 3. e5 Bf5 4. c4 e6 5. Nc3 Bb4 6. cxd5 cxd5 7. h4 h6 8. g4 Bh7 9. Bd3 Bxd3 10. Qxd3 Nc6 11. Nge2 Nge7 12. h5 a6 13. Bd2 Qb6 14. f4 Bxc3 15. Bxc3 Qb5 16. 0-0-0 Qc4 17. b3 Qxd3 18. Rxd3 a5 19. Rf1 f5 20. exf6 gxf6 21. f5 exf5 22. gxf5 Nb4 23. Bxb4 axb4 24. Kb1 Rg8 25. Nf4 Kd7 26. Ng6 Nc6 27. Nf4 Kd6 28. Re3 Rae8 29. Re6+ Rxe6 30. fxe6 Rg4 31. Kb2 f5 32. a3 bxa3+ 33. Kxa3 Nxd4 34. e7 Kxe7 35. Nxd5+ Ke6 36. Nf4+ Kf6 37. Kb4 Ne6 0-1

[Event "ISR-ch 41st"]
[Site "Arad"]
[Date "2022.12.05"]
[Round "1"]
[White "Mikhalevski, Victor"]
[Black "Kochavi, Ori"]
[Result "1/2-1/2"]
[WhiteElo "2517"]
[BlackElo "2334"]
[PlyCount "44"]
[EventDate "2022.12.05"]
[EventType "swiss"]
[EventRounds "9"]
[EventCountry "ISR"]
[SourceTitle "CBM 211 Extra"]
[Source "ChessBase"]
[SourceDate "2023.01.31"]
[SourceVersion "1"]
[SourceVersionDate "2023.01.31"]
[SourceQuality "1"]

1. c4 e5 2. g3 Nf6 3. Bg2 Nc6 4. Nc3 Bb4 5. Nd5 0-0 6. Nxb4 Nxb4 7. d4 exd4 8. a3 Nc6 9. Nf3 d5 10. Nxd4 dxc4 11. Nxc6 Qxd1+ 12. Kxd1 bxc6 13. Bxc6 Rb8 14. f3 Be6 15. Ba4 Nd7 16. Bc2 Nc5 17. Ke1 Nb3 18. Bxb3 Rxb3 19. Kf2 Rd8 20. g4 a6 21. h4 h6 22. Rg1 Kf8 1/2-1/2

[Event "EU-chT U18"]
[Site "Thessaloniki"]
[Date "2022.07.15"]
[Round "4.1"]
[White "Ljepic, Andrej"]
[Black "Kochavi, Ori"]
[Result "0-1"]
[WhiteElo "2234"]
[BlackElo "2364"]
[PlyCount "80"]
[EventDate "2022.07.12"]
[EventType "team-swiss"]
[EventRounds "7"]
[EventCountry "GRE"]
[SourceTitle "CBM 209 Extra"]
[Source "ChessBase"]
[SourceDate "2022.09.30"]
[SourceVersion "1"]
[SourceVersionDate "2022.09.30"]
[SourceQuality "1"]
[WhiteTeam "Serbia U18"]
[BlackTeam "Israel U18"]
[WhiteTeamCountry "SRB"]
[BlackTeamCountry "ISR"]

1. e4 c6 2. d4 d5 3. Nc3 dxe4 4. Nxe4 Nf6 5. Nxf6+ exf6 6. c3 Bd6 7. Bd3 0-0 8. Qc2 Re8+ 9. Ne2 h5 10. 0-0 h4 11. h3 Nd7 12. Be3 Nf8 13. Rae1 Bd7 14. Qd2 Rc8 15. f4 f5 16. c4 Bb8 17. Nc3 a6 18. d5 c5 19. a3 Bd6 20. Kh1 Qf6 21. Ne2 b5 22. b3 Ng6 23. Qc1 Rb8 24. Bd2 bxc4 25. Bc3 cxd3 26. Bxf6 dxe2 27. Rf2 gxf6 28. Rfxe2 Rxe2 29. Rxe2 Nxf4 30. Re3 Nxd5 31. Rd3 Be6 32. Qh6 Bg3 33. Qc1 Nf4 34. Rxg3+ hxg3 35. Qxf4 Rxb3 36. Qc1 Bd5 37. Qd1 Rb2 38. Qc1 Rxg2 39. Qxc5 Rh2+ 40. Kg1 Rh1# 0-1

[Event "EU-chT U18"]
[Site "Thessaloniki"]
[Date "2022.07.12"]
[Round "1.2"]
[White "Kochavi, Ori"]
[Black "Zlatkov, Anton"]
[Result "1/2-1/2"]
[WhiteElo "2364"]
[BlackElo "2149"]
[PlyCount "69"]
[EventDate "2022.07.12"]
[EventType "team-swiss"]
[EventRounds "7"]
[EventCountry "GRE"]
[SourceTitle "CBM 209 Extra"]
[Source "ChessBase"]
[SourceDate "2022.09.30"]
[SourceVersion "1"]
[SourceVersionDate "2022.09.30"]
[SourceQuality "1"]
[WhiteTeam "Israel U18"]
[BlackTeam "Macedonia U18"]
[WhiteTeamCountry "ISR"]
[BlackTeamCountry "MKD"]

1. e4 c5 2. Nf3 d6 3. d4 cxd4 4. Nxd4 Nf6 5. Nc3 Nc6 6. Be2 e5 7. Nf3 h6 8. 0-0 Be7 9. Re1 Be6 10. Bf1 0-0 11. Nd5 Bxd5 12. exd5 Nb4 13. c4 a5 14. a3 Na6 15. Rb1 Nd7 16. b4 axb4 17. axb4 b6 18. Qb3 f5 19. Bb2 Bf6 20. Ra1 Nc7 21. Rxa8 Qxa8 22. Ra1 Qb7 23. Qa4 b5 24. Qa7 Qb6 25. c5 dxc5 26. Qxb6 Nxb6 27. d6 Ne6 28. bxc5 Nxc5 29. Bxe5 Nc4 30. Rc1 Ne4 31. Bxc4+ bxc4 32. Rxc4 Bxe5 33. Nxe5 Nxd6 34. Rc6 Rc8 35. Rxc8+ 1/2-1/2

[Event "Novi Sad Serbia op-A"]
[Site "Novi Sad"]
[Date "2022.06.28"]
[Round "1"]
[White "Kochavi, Ori"]
[Black "Ilamparthi, AR."]
[Result "1/2-1/2"]
[WhiteElo "2356"]
[BlackElo "2066"]
[PlyCount "83"]
[EventDate "2022.06.28"]
[EventType "swiss"]
[EventRounds "9"]
[EventCountry "SRB"]
[SourceTitle "EXT 2023"]
[Source "ChessBase"]
[SourceDate "2022.10.05"]
[SourceVersion "1"]
[SourceVersionDate "2022.10.05"]
[SourceQuality "1"]

1. e4 c5 2. Nf3 e6 3. d4 cxd4 4. Nxd4 a6 5. Bd3 Bc5 6. Nf3 Nc6 7. 0-0 Qc7 8. a3 Nge7 9. b4 Ba7 10. Bb2 0-0 11. e5 Ng6 12. Be4 Rd8 13. Nbd2 d6 14. exd6 Rxd6 15. Bxg6 hxg6 16. Qe2 b5 17. c4 bxc4 18. Nxc4 Rd5 19. Rac1 Qd8 20. Ne3 Rd6 21. Nc4 Rd5 22. Ne3 Rd6 23. Rfd1 Bb7 24. Rxd6 Qxd6 25. Nc4 Qe7 26. Nce5 Nxe5 27. Qxe5 Qf8 28. Ng5 Re8 29. Qg3 f6 30. Nf3 g5 31. h4 Bb8 32. Qh3 gxh4 33. Nxh4 Qd6 34. Ng6 Be4 35. Qh5 Rd8 36. f3 Bxg6 37. Qxg6 Qd2 38. Rb1 Qe3+ 39. Kh1 Qe2 40. Bd4 Rxd4 41. Qe8+ Kh7 42. Qh5+ 1/2-1/2

[Event "Teplice op 15th"]
[Site "Teplice"]
[Date "2022.06.22"]
[Round "5"]
[White "Kochavi, Ori"]
[Black "Blomqvist, Erik"]
[Result "0-1"]
[WhiteElo "2356"]
[BlackElo "2521"]
[PlyCount "110"]
[EventDate "2022.06.18"]
[EventType "swiss"]
[EventRounds "9"]
[EventCountry "CZE"]
[SourceTitle "CBM 209 Extra"]
[Source "ChessBase"]
[SourceDate "2022.09.30"]
[SourceVersion "1"]
[SourceVersionDate "2022.09.30"]
[SourceQuality "1"]

1. e4 c5 2. Nf3 d6 3. d4 cxd4 4. Nxd4 Nf6 5. Nc3 Nc6 6. Bg5 e6 7. Bb5 Bd7 8. Qd3 Be7 9. 0-0-0 Nxd4 10. Bxd7+ Nxd7 11. Bxe7 Kxe7 12. Qxd4 Qb6 13. Rd2 Qxd4 14. Rxd4 Nf6 15. Rhd1 Rhd8 16. f3 a6 17. a4 Rac8 18. Rb4 Rc7 19. Rb6 g5 20. Rd3 h5 21. g3 h4 22. g4 Nh7 23. Ne2 Nf8 24. Rdb3 Rdd7 25. f4 Nh7 26. e5 dxe5 27. fxe5 Nf8 28. Ng1 Ng6 29. Nf3 Nf4 30. Rd6 Rxd6 31. exd6+ Kxd6 32. Nxg5 f5 33. gxf5 exf5 34. Rb6+ Kd5 35. Kd2 Rg7 36. Nf3 h3 37. Ke3 Kc5 38. Rh6 Nd5+ 39. Kd3 Rg2 40. Ne5 Nb4+ 41. Kc3 Nd5+ 42. Kd3 Rxh2 43. c3 Nf4+ 44. Ke3 Ng2+ 45. Kf2 Rh1 46. b3 Nf4 47. Kf3 Rf1+ 48. Ke3 Ng2+ 49. Kd2 Rf2+ 50. Kd3 Kd5 51. Nf7 Rf3+ 52. Kd2 Rg3 53. Rd6+ Ke4 54. b4 h2 55. Rh6 Ne3 0-1